BIBLIOTHÈQUE DE LA MAISON DU MEXIQUE

Logo 1 Logo 2

Georg Simmel (notice nᵒ 1522)

détails MARC
000 -Sello discográfico
campo de control de longitud fija 01198nam a2200361 4500
005 - Identificación de versión
campo de control 20251016083013.0
010 ## - Número Estándar Internacional de Libros (ISBN)
Número (ISBN) 978-607-16-2066-8
099 ## - fechas locales
Tipo de ítem Koha LIBRO
100 ## - Datos de procesamiento general
Datos de procesamiento general 19970414d2014 m y1spay5003 ba
101 ## - Idioma del recurso
Idioma del texto, banda sonora, etc. Español; Castellano
Idioma de la obra original Inglés
105 ## - Campo de datos codificados: Material textual, monográfico
Datos codificados de monografía y 001zy
200 1# - Título y mención de responsabilidad
Título propio Georg Simmel
Designación general del material texto impreso
Primer mención de responsabilidad David Frisby
Declaración de responsabilidad subsiguiente prólogo Peter Hamilton
-- traducción Alejandro Pérez Sáez, José Andrés Pérez Carballo
205 ## - Declaración de edición
Declaración de edición 2a ed revisada
210 ## - Publicación, distribución, etc.
Lugar de publicación, distribución, etc. México
Nombre del editor, distribuidor, etc. Fondo de Cultura Económica
Fecha de publicación, distribución, etc. 2014
215 ## - Descripción física
Designación de material específico y extensión del ítem 286 p
Dimensiones 17 cm
300 ## - Notas generales
Texto de la nota Incluye bibliografía e índice analítico
345 ## - Nota de información de adquisición
Fuente de adquisición/dirección de la suscripción [OBSOLETO] Donación
410 #1 - Series
Título Breviarios del Fondo de Cultura Económica
Número de volumen 512
454 #1 - Traducción de
Título Georg Simmel
600 ## - Nombre personal usado como materia
Elemento de entrada Simmel
Parte del nombre distinta del elemento de entrada Georg
Fechas 1858-1918
Subdivisión temática Crítica e interpretación
Número Koha 3883
660 ## - Código de área geográfica
Código MX
700 ## - Nombre personal - Responsabilidad primaria
Elemento de entrada Frisby
Parte del nombre distinta del elemento de entrada David
Fechas 1944-2010
Número Koha 3884
702 ## - Nombre personal - Responsabilidad secundaria
Elemento de entrada Hamilton
Parte del nombre distinta del elemento de entrada Peter
Número Koha 3885
702 ## - Nombre personal - Responsabilidad secundaria
Elemento de entrada Pérez Carballo
Parte del nombre distinta del elemento de entrada José Andrés
Número Koha 2078
702 ## - Nombre personal - Responsabilidad secundaria
Elemento de entrada Pérez Sáez
Parte del nombre distinta del elemento de entrada Alejandro
Número Koha 3886
801 #0 - Fuente de origen
Agencia cm
900 ## -
-- 1/13697
900 ## -
-- 710973173\\140497
942 ## - ELEMENTOS DE ENTRADA SECUNDARIOS (KOHA)
Tipo de ítem Koha Livre
996 ## -
-- MEX
-- 751145101
-- MMAG
-- 004782
-- 082.1 B846 V.512
-- 20210511LIV
Exemplaires
Estatus retirado Estado de daño Estado de pérdida Fecha de adquisición Biblioteca de origen Biblioteca actual Ubicación en estantería Código de barras Precio de reemplazo Signatura topográfica completa No para préstamo Tipo de ítem Koha Nota pública Nota no pública
      05/08/2025 Casa México Paris Casa México Paris   004782 05/08/2025 082.1 B846 V.512   Livre 20210511LIV 751145101